Подробности
| 000 -МАРКЕР |
| контрольное поле |
02755nam0a2200397 4500 |
| 001 - ИДЕНТИФИКАТОР ЗАПИСИ |
| контрольное поле |
RU\NLR\BIBL_A\022452976 |
| 005 - ИДЕНТИФИКАТОР ВЕРСИИ |
| контрольное поле |
20250423143439.0 |
| 010 ## - МЕЖДУНАРОДНЫЙ СТАНДАРТНЫЙ НОМЕР КНИГИ (ISBN) |
| Номер (ISBN) |
978-5-00249-101-8 |
| Тираж |
500 |
| 021 ## - НОМЕР ГОСУДАРСТВЕННОЙ РЕГИСТРАЦИИ |
| Код страны |
Российская Федерация |
| Номер |
КН-П-24-082225 |
| Номер Листа государственной регистраци |
КН-П-24-8196 |
| 035 ## - ДРУГИЕ СИСТЕМНЫЕ НОМЕРА |
| Идентификатор записи |
(NLR Aleph) 022452976 |
| 100 ## - ДАННЫЕ ОБЩЕЙ ОБРАБОТКИ |
| Данные общей обработки |
20250211d2024 k y0rusy50 ca |
| 101 0# - ЯЗЫК РЕСУРСА |
| Язык текста, звукозаписи и т.д. |
русский |
| 102 ## - СТРАНА ПУБЛИКАЦИИ ИЛИ ПРОИЗВОДСТВА |
| Страна публикации |
Российская Федерация |
| 105 ## - ПОЛЕ КОДИРОВАННЫХ ДАННЫХ: ТЕКСТОВЫЕ МАТЕРИАЛЫ, МОНОГРАФИЧЕСКИЕ |
| Кодированные данные о монографическом текстовом документе |
a z 000yy |
| 181 #0 - ПОЛЕ КОДИРОВАННЫХ ДАННЫХ: ВИД СОДЕРЖАНИЯ |
| Код вида содержания (ISBD) |
i3 |
| Код характеристики содержания (ISBD) |
axxe |
| 182 #0 - ПОЛЕ КОДИРОВАННЫХ ДАННЫХ: ТИП СРЕДСТВА |
| Код типа средства (ISBD) |
n - непосредственное |
| 200 1# - ЗАГЛАВИЕ И СВЕДЕНИЯ ОБ ОТВЕТСТВЕННОСТИ |
| Основное заглавие |
Управление инновационным развитием предприятий в условиях экономических трансформаций |
| Сведения, относящиеся к заглавию |
монография |
| Первые сведения об ответственности |
Алексеева Н. И., Бакунов А. А., Баранцева С. М. [и др.] |
| Последующие сведения об ответственности |
под общ. ред. Л. И. Донец, Е. С. Кравченко |
| -- |
Министерство науки и высшего образования Российской Федерации, Донецкий национальный университет экономики и торговли имени Михаила Туган-Барановского, Кафедра экономики предприятия и управления персоналом |
| 203 ## - ВИД СОДЕРЖАНИЯ И ТИП СРЕДСТВА |
| Вид содержания |
Текст |
| Дополнительные сведения об издании |
визуальный |
| Тип средства |
непосредственный |
| 210 ## - ПУБЛИКАЦИЯ, РАСПРОСТРАНЕНИЕ И ДР. |
| Место издания, распространения и т.д. |
Уфа |
| Имя издателя, распространителя и т. д. |
Аэтерна |
| Дата издания, распространения и т.д. |
2024 |
| 215 ## - ФИЗИЧЕСКАЯ ХАРАКТЕРИСТИКА |
| Специфическое обозначение материала и объем |
197 с. |
| Другие сведения о физической характеристике |
ил., табл. |
| Размеры |
21 |
| 300 ## - ОБЩИЕ ПРИМЕЧАНИЯ |
| Текст примечания |
На 194-197-й с. авт.: Алексеева Н. И., д-р экон. наук, проф., Бакунов А. А., канд. экон. наук, проф., Баранцева С. М., канд. экон. наук, доц. [и др.] |
| 300 ## - ОБЩИЕ ПРИМЕЧАНИЯ |
| Текст примечания |
Авт. указаны на обороте тит. с. |
| 320 ## - ПРИМЕЧАНИЯ О НАЛИЧИИ В ДОКУМЕНТЕ БИБЛИОГРАФИИ / УКАЗАТЕЛЯ |
| Текст примечания |
Библиогр.: с. 164-193 |
| 606 1# - НАИМЕНОВАНИЕ ТЕМЫ КАК ПРЕДМЕТ |
| Наименование темы |
Торговые предприятия |
| Тематический подзаголовок |
Инновационная деятельность |
| Географический подзаголовок |
Российская Федерация |
| Код системы |
nlr_sh2 |
| Идентификатор авторитетной/нормативной записи |
RU\NLR\AUTH\6601586791 |
| 686 1# - ИНДЕКСЫ ДРУГИХ КЛАССИФИКАЦИЙ |
| Индекс |
У42(2)121.1-55(2Р) |
| 700 #1 - ИМЯ ЛИЦА - ПЕРВИЧНАЯ ОТВЕТСТВЕННОСТЬ |
| Начальный элемент ввода |
Алексеева |
| Часть имени, кроме начального элемента ввода |
Н. И. |
| Дополнения к именам, кроме дат |
д-р экон. наук |
| Расширение инициалов личного имени |
Наталья Ивановна |
| Идентификатор авторитетной/нормативной записи |
RU\NLR\AUTH\770197515 |
| 701 #1 - ИМЯ ЛИЦА - АЛЬТЕРНАТИВНАЯ ОТВЕТСТВЕННОСТЬ |
| Начальный элемент ввода |
Бакунов |
| Часть имени, кроме начального элемента ввода |
А. А. |
| Расширение инициалов личного имени |
Александр Алексеевич |
| 701 #1 - ИМЯ ЛИЦА - АЛЬТЕРНАТИВНАЯ ОТВЕТСТВЕННОСТЬ |
| Начальный элемент ввода |
Баранцева |
| Часть имени, кроме начального элемента ввода |
С. М. |
| Расширение инициалов личного имени |
Светлана Михайловна |
| 702 #1 - ИМЯ ЛИЦА - ВТОРИЧНАЯ ОТВЕТСТВЕННОСТЬ |
| Начальный элемент ввода |
Донец |
| Часть имени, кроме начального элемента ввода |
Л. И. |
| Расширение инициалов личного имени |
Любовь Ивановна |
| Код отношения |
Редактор |
| 712 02 - НАИМЕНОВАНИЕ ОРГАНИЗАЦИИ - ВТОРИЧНАЯ ОТВЕТСТВЕННОСТЬ |
| Начальный элемент ввода |
Донецкий национальный университет экономики и торговли им. М. Туган-Барановского |
| Структурное подразделение |
Кафедра экономики предприятия и управления персоналом |
| Идентификатор авторитетной/нормативной записи |
RU\NLR\AUTH\880623572 |
| Код отношения |
Прочие |
| 942 ## - ДОПОЛНИТЕЛЬНЫЕ ЭЛЕМЕНТЫ ЗАПИСИ (АБИС) |
| Тип экземпляра АБИС |
Книга |
| 980 ## - КОЛЛЕКЦИЯ |
| Название коллекции |
Национальная библиография |